[Event "Bogota Students-ch 22th"]
[Site "Bogota"]
[Date "2013.11.05"]
[Round "5"]
[White "Elias Alvarez, Alfonso Jose"]
[Black "Carreno Acevedo, Jhonatan Robert"]
[Result "1-0"]
[WhiteElo "2040"]
[BlackElo "1887"]
[PlyCount "87"]
[EventDate "2013.11.03"]
[EventType "swiss"]
[EventRounds "6"]
[EventCountry "COL"]
[SourceTitle "EXT 2014"]
[Source "ChessBase"]
[SourceDate "2013.11.20"]
[SourceVersion "1"]
[SourceVersionDate "2013.11.20"]
[SourceQuality "1"]

1. e4 e5 2. Nf3 Nf6 3. Nxe5 d6 4. Nf3 Nxe4 5. Qe2 Qe7 6. d3 Nf6 7. Bg5 Be6 8. Nc3 h6 9. Bxf6 Qxf6 10. d4 Qe7 11. 0-0-0 d5 12. Ne5 c6 13. Re1 Nd7 14. f4 Nxe5 15. Qxe5 Kd8 16. Bd3 Qd6 17. Qe3 Be7 18. Kb1 Bf6 19. Nd1 b5 20. Nf2 b4 21. f5 Bd7 22. Ng4 Re8 23. Qf2 Kc7 24. Nxf6 Qxf6 25. g4 Qd6 26. h4 f6 27. Qd2 a5 28. g5 hxg5 29. hxg5 Rxe1+ 30. Rxe1 Re8 31. Rg1 Qe7 32. gxf6 gxf6 33. a3 Kb6 34. axb4 axb4 35. Rg6 Rh8 36. Qf4 Rh1+ 37. Ka2 Qf8 38. Kb3 Ra1 39. Qd2 Qa8 40. Qxb4+ Kc7 41. Rxf6 Ra7 42. Rf8 Qb7 43. Qxb7+ Rxb7+ 44. Kc3 1-0

[Event "COL-ch Universities"]
[Site "Santa Marta"]
[Date "2012.10.27"]
[Round "4"]
[White "Carreno Acevedo, Jhonatan Robert"]
[Black "Corredor Sanchez, Fabian Ricardo"]
[Result "1/2-1/2"]
[WhiteElo "1868"]
[BlackElo "2024"]
[PlyCount "87"]
[EventDate "2012.10.26"]
[EventType "swiss"]
[EventRounds "6"]
[EventCountry "COL"]
[SourceTitle "EXT 2015"]
[Source "ChessBase"]
[SourceDate "2014.11.20"]
[SourceVersion "1"]
[SourceVersionDate "2014.11.20"]
[SourceQuality "1"]

1. e4 c5 2. c3 d5 3. exd5 Qxd5 4. d4 cxd4 5. cxd4 Nc6 6. Nf3 e6 7. Nc3 Bb4 8. Bd3 Nf6 9. 0-0 Qa5 10. Qc2 0-0 11. a3 Be7 12. Rd1 Bd7 13. Be3 Rac8 14. Rac1 Rfd8 15. Qb1 h6 16. Ne4 Be8 17. Nc5 Qc7 18. b4 Bxc5 19. dxc5 Nd5 20. Bh7+ Kh8 21. Be4 Nxe3 22. fxe3 Ne7 23. Qb3 Bc6 24. Bxc6 Nxc6 25. Rxd8+ Rxd8 26. Rd1 Ne7 27. e4 Nc6 28. Rd3 Qf4 29. Rxd8+ Nxd8 30. Qd3 Nc6 31. g3 Qc1+ 32. Kg2 Qb2+ 33. Kh3 g5 34. b5 Ne5 35. Nxe5 Qxe5 36. Qc2 f5 37. a4 fxe4 38. c6 Qf5+ 39. Kg2 Qf3+ 40. Kg1 bxc6 41. bxc6 Qe3+ 42. Kg2 Qf3+ 43. Kg1 Qe3+ 44. Kg2 1/2-1/2

[Event "East Region Universities"]
[Site "Tunja"]
[Date "2012.09.13"]
[Round "2.1"]
[White "Carreno Acevedo, Jhonatan Robert"]
[Black "Corredor, Fabian"]
[Result "1/2-1/2"]
[WhiteElo "1868"]
[BlackElo "2024"]
[PlyCount "30"]
[EventDate "2012.09.13"]
[EventType "swiss"]
[EventRounds "6"]
[EventCountry "COL"]
[SourceTitle "EXT 2024"]
[Source "ChessBase"]
[SourceDate "2023.10.10"]
[SourceVersion "1"]
[SourceVersionDate "2023.10.10"]
[SourceQuality "1"]

1. e4 c5 2. c3 d5 3. exd5 Qxd5 4. d4 cxd4 5. cxd4 e5 6. dxe5 Qxe5+ 7. Qe2 Nc6 8. Nc3 Bb4 9. Bd2 Qxe2+ 10. Bxe2 Nf6 11. Nf3 0-0 12. 0-0 Rb8 13. a3 Bc5 14. Rab1 Re8 15. Bc4 Bg4 1/2-1/2

[Event "Santander U20"]
[Site "Santander"]
[Date "2012.07.17"]
[Round "10"]
[White "Martinez, Jorge Alexander"]
[Black "Carreno Acevedo, Jhonatan Robert"]
[Result "1-0"]
[WhiteElo "2220"]
[BlackElo "1842"]
[PlyCount "33"]
[EventDate "2012.07.13"]
[EventType "tourn"]
[EventRounds "11"]
[EventCountry "COL"]
[SourceTitle "EXT 2014"]
[Source "ChessBase"]
[SourceDate "2013.11.20"]
[SourceVersion "1"]
[SourceVersionDate "2013.11.20"]
[SourceQuality "1"]

1. c4 Nf6 2. g3 e6 3. Bg2 d5 4. d4 dxc4 5. Qa4+ Bd7 6. Qxc4 Bc6 7. Nf3 Be7 8. Nc3 Nbd7 9. 0-0 0-0 10. Re1 Ne4 11. Qd3 f5 12. Qc4 Rf6 13. Ne5 Nxe5 14. dxe5 Bd5 15. Qd3 Bc5 16. Nxd5 exd5 17. exf6 1-0

[Event "Santander U20"]
[Site "Santander"]
[Date "2012.07.15"]
[Round "6"]
[White "Carreno Acevedo, Jhonatan Robert"]
[Black "Martinez Zuluaica, Julian"]
[Result "1-0"]
[WhiteElo "1842"]
[BlackElo "2185"]
[PlyCount "98"]
[EventDate "2012.07.13"]
[EventType "tourn"]
[EventRounds "11"]
[EventCountry "COL"]
[SourceTitle "EXT 2014"]
[Source "ChessBase"]
[SourceDate "2013.11.20"]
[SourceVersion "1"]
[SourceVersionDate "2013.11.20"]
[SourceQuality "1"]

1. e4 e6 2. d4 d5 3. exd5 exd5 4. c4 c6 5. Nc3 Nf6 6. Bg5 Be7 7. Nf3 0-0 8. cxd5 Nxd5 9. Nxd5 Bxg5 10. Nc3 Bf6 11. h3 Qb6 12. Qd2 Rd8 13. Rd1 Bxd4 14. Nxd4 c5 15. Na4 Qf6 16. Nxc5 Qe5+ 17. Qe3 Qxc5 18. Be2 Qa5+ 19. Qc3 Qxc3+ 20. bxc3 Be6 21. Nxe6 Rxd1+ 22. Kxd1 fxe6 23. Bc4 Nc6 24. Bxe6+ Kf8 25. Re1 Rd8+ 26. Kc2 Re8 27. Re4 Nd8 28. Bd5 Rxe4 29. Bxe4 Kf7 30. Bd5+ Kf6 31. f4 h5 32. g4 g5 33. f5 h4 34. Kd3 Ke5 35. Kc4 b6 36. a3 a6 37. a4 Kf4 38. f6 Kg3 39. f7 Nxf7 40. Bxf7 Kxh3 41. Be6 Kg3 42. Kd4 h3 43. Ke3 h2 44. Bd5 Kxg4 45. Kf2 Kf4 46. Kg2 Ke3 47. Bb7 b5 48. a5 Kd3 49. Bxa6 Kc4 1-0

[Event "Santander U20"]
[Site "Santander"]
[Date "2012.07.13"]
[Round "2"]
[White "Carreno Acevedo, Jhonatan Robert"]
[Black "Suarez Pinto, Sergio Rafael"]
[Result "1-0"]
[WhiteElo "1842"]
[BlackElo "1746"]
[PlyCount "93"]
[EventDate "2012.07.13"]
[EventType "tourn"]
[EventRounds "11"]
[EventCountry "COL"]
[SourceTitle "EXT 2014"]
[Source "ChessBase"]
[SourceDate "2013.11.20"]
[SourceVersion "1"]
[SourceVersionDate "2013.11.20"]
[SourceQuality "1"]

1. e4 e5 2. Nc3 Bc5 3. f4 exf4 4. Nf3 Nf6 5. d4 Bb4 6. Bd3 d5 7. e5 Ne4 8. Bd2 Nxd2 9. Qxd2 Be6 10. Qxf4 h6 11. 0-0 Nc6 12. Ne2 g5 13. Qg3 Be7 14. c3 g4 15. Nd2 Bh4 16. Qe3 Qe7 17. b4 Bg5 18. Nf4 h5 19. Nb3 h4 20. b5 Nb8 21. Qe2 g3 22. Nxe6 Qxe6 23. Bf5 Qh6 24. Rf3 gxh2+ 25. Kh1 0-0 26. Raf1 Kg7 27. Bh3 Be7 28. Nc5 b6 29. Ne6+ fxe6 30. Rxf8 Bxf8 31. Qg4+ Kh7 32. Rf6 Qc1+ 33. Kxh2 Bh6 34. Qg6+ Kh8 35. Qxh6+ Qxh6 36. Rxh6+ Kg7 37. Rxe6 a6 38. Re7+ Kf8 39. Rxc7 axb5 40. Be6 Na6 41. Rf7+ Ke8 42. Bxd5 Rc8 43. Ra7 Nc7 44. Bc6+ Kd8 45. d5 Rb8 46. d6 Ne6 47. Re7 1-0

[Event "Santander U20"]
[Site "Santander"]
[Date "2012.07.13"]
[Round "1"]
[White "Morales Guerrero, Alfonso Javier"]
[Black "Carreno Acevedo, Jhonatan Robert"]
[Result "0-1"]
[WhiteElo "2020"]
[BlackElo "1842"]
[PlyCount "66"]
[EventDate "2012.07.13"]
[EventType "tourn"]
[EventRounds "11"]
[EventCountry "COL"]
[SourceTitle "EXT 2014"]
[Source "ChessBase"]
[SourceDate "2013.11.20"]
[SourceVersion "1"]
[SourceVersionDate "2013.11.20"]
[SourceQuality "1"]

1. e4 e5 2. Bc4 Nf6 3. d3 Be7 4. Nf3 d6 5. Nc3 0-0 6. h3 Nbd7 7. Be3 c6 8. Qd2 Qc7 9. 0-0 b5 10. Bb3 Rb8 11. Nh2 a5 12. a4 b4 13. Ne2 d5 14. f3 Nc5 15. Bxc5 Bxc5+ 16. Kh1 Be6 17. Ng4 Bxg4 18. hxg4 Rbd8 19. Qg5 Rfe8 20. Ng3 h6 21. Qh4 Be3 22. Nf5 Bg5 23. Qh3 g6 24. Nh4 Kg7 25. g3 Qd7 26. Kg2 Re7 27. Rad1 dxe4 28. dxe4 Qxd1 29. Rxd1 Rxd1 30. f4 exf4 31. gxf4 Bxf4 32. Qf3 Rd2+ 33. Kf1 Rxe4 0-1

[Event "Bucaramanga Juegos Uni"]
[Site "Bucaramanga"]
[Date "2010.10.23"]
[Round "4.1"]
[White "Castaneda Jimenez, Jhon David"]
[Black "Carreno Acevedo, Jhonatan Robert"]
[Result "1-0"]
[WhiteElo "2141"]
[BlackElo "1800"]
[PlyCount "67"]
[EventDate "2010.10.22"]
[EventType "swiss"]
[EventRounds "7"]
[EventCountry "COL"]
[SourceTitle "EXT 2024"]
[Source "ChessBase"]
[SourceDate "2023.10.10"]
[SourceVersion "1"]
[SourceVersionDate "2023.10.10"]
[SourceQuality "1"]

1. d4 Nf6 2. c4 e6 3. g3 d5 4. Bg2 c5 5. cxd5 exd5 6. Nf3 Be7 7. Nc3 Nc6 8. 0-0 0-0 9. Bg5 Re8 10. dxc5 d4 11. Na4 h6 12. Bf4 Bg4 13. h3 Bf5 14. a3 a5 15. Qb3 Ra7 16. Rfd1 Be4 17. Rac1 Bf8 18. Nb6 Nh5 19. Bd2 g5 20. Be1 Bg7 21. Qc4 Qe7 22. b4 axb4 23. axb4 Rd8 24. b5 Ne5 25. Nxe5 Qxe5 26. Bxe4 Qxe4 27. Qd3 Qe7 28. Bb4 Qe6 29. Kh2 Ra2 30. Rc2 Re8 31. Rxa2 Qxa2 32. Re1 Re6 33. Kg2 Qb2 34. Qc4 1-0

[Event "Charala op"]
[Site "Charala"]
[Date "2010.07.17"]
[Round "1"]
[White "Carreno Acevedo, Jhonatan Robert"]
[Black "Munoz Galvez, Jhon Edison"]
[Result "0-1"]
[WhiteElo "1690"]
[BlackElo "2251"]
[PlyCount "64"]
[EventDate "2010.07.17"]
[EventType "swiss"]
[EventRounds "8"]
[EventCountry "COL"]
[SourceTitle "CBM 137 Extra"]
[Source "ChessBase"]
[SourceDate "2010.09.01"]
[SourceVersion "1"]
[SourceVersionDate "2010.09.01"]
[SourceQuality "1"]

1. e4 c5 2. c3 Nf6 3. e5 Nd5 4. d4 cxd4 5. cxd4 d6 6. Nf3 Nc6 7. Bc4 Nb6 8. Bb3 d5 9. Bd2 Bg4 10. Bc3 e6 11. 0-0 f6 12. exf6 Qxf6 13. Nbd2 Bd6 14. h3 Bh5 15. Qe2 0-0 16. Rfe1 Rae8 17. Qf1 Bf4 18. Qd3 Bxd2 19. Qxd2 Bxf3 20. gxf3 Qg6+ 21. Kf1 Rxf3 22. Re3 Qh5 23. Ke1 Rxh3 24. Rxh3 Qxh3 25. Qe2 e5 26. Rd1 Qh1+ 27. Kd2 Qh6+ 28. Ke1 e4 29. Rd3 Qc1+ 30. Rd1 Qg5 31. Rd3 Qg1+ 32. Kd2 Rf8 0-1